• 首页
  • 本馆介绍
  • 公告通知
  • 最新文献
  • 馆藏检索
  • 电子资源
  • 读者导购
  • 参考咨询
  • 我的图书馆
  • 登录
  • 详细信息显示
  • 放入我的书架
  • 预约/预借图书
  • 作者相关作品
  • 分类相关作品
  • 丛书相关作品
  • 出版社相关作品

书目信息

  • 表格格式
  • 工作单格式
  • 卡片格式
题名:
英语成语拾趣
    
 
作者: 孙海运 , 方如玉 编著 ;杨友钦 选辑
分册:  
出版信息: 北京   商务印书馆国际有限公司  1996
页数: 244页
开本: 20cm
丛书名: 当代英语
单 册:
中图分类: H313.3 , H31
科图分类:
主题词: 英语-成语--自学参考资料 , 成语-英语--自学参考资料 , 英语
电子资源:
ISBN: 7-80103-049-4
000 01029nam2 2200337 45
001 0197010172
005 20040512104600.6
010    @a7-80103-049-4@dCNY10.80
100    @a19970409d1996 em y0chiy0121 ea
101 0  @achi@aeng
102    @aCN@b110000
105    @af z 000yy
106    @ar
200 10 @a英语成语拾趣@Aying yu cheng yu shi qu@f孙海运,方如玉编著@g杨友钦选辑
210    @a北京@c商务印书馆国际有限公司@d1996
215    @a244页@c插图@d20cm
225 2  @a当代英语@dContemporary English@zeng
300    @a并列题名:The story behind the idiom
300    @a据商务印书馆(香港)有限公司1992年版编印
410  0 @120010@a当代英语
510 1  @aThe story behind the idiom@zeng
606    @a英语-成语@x自学参考资料
606    @a成语-英语@x自学参考资料
606 0  @a英语
690    @aH313.3@v3
690    @aH31
701  0 @a孙海运@Asun hai yun@4编著
701  0 @a方如玉@Afang ru yu@4编著
702  0 @a杨友钦@Ayang you qin@4选辑
801  0 @aCN@bNLC@c19970514
905    @f2@b272779-780@dH31@e398:7
    
    英语成语拾趣/孙海运,方如玉编著/杨友钦选辑.-北京:商务印书馆国际有限公司,1996
    244页:插图;20cm.-(当代英语=Contemporary English)
    并列题名:The story behind the idiom.-据商务印书馆(香港)有限公司1992年版编印
    
    ISBN 7-80103-049-4:CNY10.80
    
●
相关链接 在E读中查询图书 在五车中查询图书 在当当中查询图书 在豆瓣中查询图书


正题名:英语成语拾趣     索取号:H31/398:7         预约/预借

序号 登录号 条形码 馆藏地/架位号 状态 备注
1 0272778   000944642   第二样本阅览室/ [索取号:H31/398:7] 在馆    
2 0272779   000943867   第四借阅区/ [索取号:H31/398:7] 在馆    
3 0272780   000944562   第四借阅区/ [索取号:H31/398:7] 在馆    
唐山师范学院图书馆 欢迎您!
大连网信软件有限公司© 版权所有